عرض عادي
عرض مارك
- مصر
دخول Topical Term
001 - CONTROL NUMBER
- control field: 28265
003 - CONTROL NUMBER IDENTIFIER
- control field: AE-AdECS
005 - DATE AND TIME OF LATEST TRANSACTION
- control field: 20260402152546.0
008 - FIXED-LENGTH DATA ELEMENTS
- fixed length control field: 260402|| aca||aabn | a|a d
040 ## - CATALOGING SOURCE
- Original cataloging agency: AE-AdECS
- Transcribing agency: AE-AdECS
150 ## - HEADING--TOPICAL TERM
- Topical term or geographic name entry element: مصر
- General subdivision: سياسة خارجية في أفريقيا
670 ## - SOURCE DATA FOUND
- Source citation: Work cat.: (AE-AdECS)294647: عبد الرازق، عادل مؤلف. 28260, تجربة التكامل المصري السوداني بين النظرية والتطبيق :
